| 000 | 00727nam a2200217 4500 | ||
|---|---|---|---|
| 001 | 116343 | ||
| 003 | ES-MaACL | ||
| 005 | 20230906190704.0 | ||
| 007 | t| | ||
| 008 | 061121s1961 sp r ||||1| spa d | ||
| 100 | 1 |
_aPatterson, E. M. _989607 |
|
| 245 | 1 | 0 |
_aTopología / _cde E. M. Patterson ; traducción dirigida por Lino Alvarez Valdés y redactada por Fernando Vicente. |
| 260 |
_aMadrid [etc.] : _bDossat, _c1961. |
||
| 300 |
_aXII, 138 p. : _bil. ; _c22 cm. |
||
| 490 | 1 | _aUniversity mathematical texts | |
| 700 | 0 |
_aAlvarez Valdés, Lino. _920986 |
|
| 700 | 1 |
_aVicente, Fernando. _9114335 |
|
| 830 | 0 |
_aUniversity mathematical texts _9180736 |
|
| 852 |
_aES-MaACL _jC-20966 _bR.48644 |
||
| 999 |
_c116343 _d116343 |
||